Supercycles : (Record no. 50552)

MARC details
000 -LEADER
fixed length control field 03329nam a22003257a 4500
005 - DATE AND TIME OF LATEST TRANSACTION
control field 2011021508498.0
008 - FIXED-LENGTH DATA ELEMENTS--GENERAL INFORMATION
fixed length control field 110215t xxu||||| |||| 00| 0 eng d
010 ## - LCCN (DPL NO)
LC control number ENG-102001
020 ## - INTERNATIONAL STANDARD BOOK NUMBER
International Standard Book Number 9780071070836
Terms of availability 595.00
020 ## - INTERNATIONAL STANDARD BOOK NUMBER
International Standard Book Number 0071070834
Terms of availability 595.00
035 ## - SYSTEM CONTROL NUMBER
System control number EN-85534
037 ## - SOURCE OF ACQUISITION
Source of stock number/acquisition DBAD/PUB
040 ## - CATALOGING SOURCE
Original cataloging agency dpl
Language of cataloging Eng
082 ## - DEWEY DECIMAL CLASSIFICATION NUMBER
Classification number 332.6
100 ## - MAIN ENTRY--PERSONAL NAME
Personal name Motianey, Arun
9 (RLIN) 25984
245 ## - TITLE STATEMENT
Title Supercycles :
Statement of responsibility, etc by Arun Motianey
Remainder of title the new economic force transforming global markets and investment strategy /
260 ## - PUBLICATION, DISTRIBUTION, ETC. (IMPRINT)
Place of publication, distribution, etc New Delhi
Name of publisher, distributor, etc Tata McGraw Hill
Date of publication, distribution, etc 2010
270 ## - ADDRESS
Address 7, West Patel Nagar
City New Delhi
Postal code 110008
300 ## - PHYSICAL DESCRIPTION
Extent xx, 246 p. :
Dimensions 24cm (pbk)
Other physical details ill.
500 ## - GENERAL NOTE
General note Includes bibliographical references (p. 229-235) and index.
505 ## - FORMATTED CONTENTS NOTE
Formatted contents note Introduction -- Section 1: Flaws In The Foundation -- 1: Elusive Science -- 2: When causality becomes a casualty -- Section 2: Wheel Of Misfortune -- 3: SuperCycles and their laws of motion -- 4: Classical SuperCycle Part 1, 1873 to 1900 -- 5: Classical SuperCycle Part 2, 1900 to 1930 -- Section 3: Thoroughly Modern SuperCycle -- 6: Enlightened Fiat money and the modern SuperCycle, 1979 to present -- 7: Beyond the Great Depression -- Section 4: Where Do We Go From Here? -- 8: Three scenarios of adjustment -- 9: Investment portfolio implications -- Appendix 1: Minsky’s and Koo’s challenges to the dominant theory -- Appendix 2: Many faces of gold -- Endnotes -- Index.
520 ## - SUMMARY, ETC.
Summary, etc From the Publisher: A brilliantly original assessment of what caused the global crash-and a practical plan for investing accordingly. Supercycles, according to international economist and strategist, Arun Motianey, are the continuous, long waves of boom and bust that undulate through the global economic and financial systems. More often than not, they are the result of policymakers’ well-intentioned but misguided attempts to achieve price stability. In Supercycles, Motianey surpasses the traditional business cycle model ("Boom and Bust"), to provide a detailed, objective, and at times surprising explanation of global economics. Drawing heavily on history and informed by cautious readings of a wide range of economic thought, Motianey critiques the way macroeconomics has been practiced by the major powers’ central banks through the years. Specifically, it was the banks’ intervention, ostensibly in the quest for price stability that actually served to entrench price instability. Further, he makes a compelling case for the new tools we’ll be using to manage the post-meltdown global economy, and even advises on investor portfolios to protect us from the likeliest scenarios that occur when a supercycle enters its terminal phase. A cogent and impossible-to-ignore mixture of economics, finance, policy, risk management, and investment advice from a global perspective, Supercycles is certain to inform and inspire debate among investors, academics, and casual readers alike.
650 ## - SUBJECT ADDED ENTRY--TOPICAL TERM
9 (RLIN) 25980
Topical term or geographic name as entry element Investments.
650 ## - SUBJECT ADDED ENTRY--TOPICAL TERM
9 (RLIN) 25981
Topical term or geographic name as entry element Global Financial Crisis, 2008-2009.
650 ## - SUBJECT ADDED ENTRY--TOPICAL TERM
9 (RLIN) 25982
Topical term or geographic name as entry element Finance.
650 ## - SUBJECT ADDED ENTRY--TOPICAL TERM
Topical term or geographic name as entry element Macroeconomics.
9 (RLIN) 25985
700 ## - ADDED ENTRY--PERSONAL NAME
9 (RLIN) 25983
942 ## - ADDED ENTRY ELEMENTS (KOHA)
Source of classification or shelving scheme Dewey Decimal Classification
Item type English Books
Classification part 332.6
Call number suffix MOT
Holdings
Withdrawn status Lost status Source of classification or shelving scheme Damaged status Not for loan Collection code Home library Current library Date acquired Source of acquisition Cost, normal purchase price Total Checkouts Full call number Barcode Date last seen Copy number Cost, replacement price Koha item type
    Dewey Decimal Classification   Not For Loan Non-fiction D.B.Act.Division D.B.Act.Division 15/02/2011 DBAD/PUB 595.00   332.6 MOT EN-85534 15/02/2011 1 595.00 English Books

© Delhi Public Library
Hit Counter
free hit counter